[Event "Martinique Gratien Memorial 11th"]
[Site "Martinique"]
[Date "2024.03.25"]
[Round "3"]
[White "Page, Charley"]
[Black "Lefrancois, Marie Cecile"]
[Result "1-0"]
[WhiteElo "1199"]
[BlackElo "1199"]
[PlyCount "89"]
[EventDate "2024.03.25"]
[EventType "swiss"]
[EventRounds "9"]
[EventCountry "FRA"]
[SourceTitle "EXT 2025"]
[Source "ChessBase"]
[SourceDate "2024.10.14"]
[SourceVersion "1"]
[SourceVersionDate "2024.10.14"]
[SourceQuality "1"]

1. e4 e5 2. Nf3 Nf6 3. Nxe5 d6 4. Nf3 Nxe4 5. Bc4 d5 6. Qe2 Bb4 7. c3 Be7 8. Bb3 0-0 9. 0-0 Nc6 10. Re1 b6 11. Ba4 Bb7 12. Bxc6 Bxc6 13. d3 Nf6 14. Qxe7 Re8 15. Qxd8 Raxd8 16. Rxe8+ Rxe8 17. d4 Bb5 18. h3 Be2 19. Nbd2 c6 20. Ne5 Re6 21. Ndf3 Ne4 22. Be3 b5 23. Re1 Bxf3 24. Nxf3 a5 25. Kf1 a4 26. Ng5 Nf6 27. Nxe6 fxe6 28. Bg5 Kf7 29. Bxf6 Kxf6 30. Re3 g5 31. Rf3+ Kg6 32. Rf8 Kg7 33. Rc8 Kf6 34. Rxc6 Kf5 35. Rb6 e5 36. Rxb5 g4 37. hxg4+ Kxg4 38. Rxd5 h5 39. Rxe5 h4 40. Re3 a3 41. bxa3 Kh5 42. f3 Kg5 43. Re4 Kh5 44. a4 h3 45. gxh3 1-0